In the air / (Record no. 7434)
[ view plain ]
| 000 -LEADER | |
|---|---|
| fixed length control field | 01093nam a22002297a 4500 |
| 001 - CONTROL NUMBER | |
| control field | 7434 |
| 003 - CONTROL NUMBER IDENTIFIER | |
| control field | FISKH |
| 005 - DATE AND TIME OF LATEST TRANSACTION | |
| control field | 20250715135104.0 |
| 008 - FIXED-LENGTH DATA ELEMENTS--GENERAL INFORMATION | |
| fixed length control field | 250715b cb ||||| |||| 00| 0 eng d |
| 040 ## - CATALOGING SOURCE | |
| Original cataloging agency | FISKH |
| Language of cataloging | eng |
| Transcribing agency | FISKH |
| Modifying agency | FISKH |
| 050 ## - LIBRARY OF CONGRESS CALL NUMBER | |
| Classification number | PZ7 |
| 082 ## - DEWEY DECIMAL CLASSIFICATION NUMBER | |
| Classification number | 551 |
| 100 ## - MAIN ENTRY--PERSONAL NAME | |
| Personal name | Julie, Fitzpatrick |
| 245 ## - TITLE STATEMENT | |
| Title | In the air / |
| Statement of responsibility, etc. | Fitzpatrick Julie ; Illustrated by Sara Silcock |
| 260 ## - PUBLICATION, DISTRIBUTION, ETC. | |
| Place of publication, distribution, etc. | London : |
| Name of publisher, distributor, etc. | Hamish Hamilton, |
| Date of publication, distribution, etc. | 1984. |
| 300 ## - PHYSICAL DESCRIPTION | |
| Extent | 30 pages : |
| Other physical details | color illustrations ; |
| Dimensions | 22 cm |
| 505 ## - FORMATTED CONTENTS NOTE | |
| Formatted contents note | NP<br/> |
| 520 ## - SUMMARY, ETC. | |
| Summary, etc. | Science Spirals: In the Air is an informational picture book aimed at early elementary readers. Through vivid illustrations and simple text, it explores the science of air—covering topics like wind, weather patterns, flight, and how air interacts with living things and the environment. Designed as part of the "Science Spirals" series, it encourages curiosity about the natural world by breaking down complex scientific ideas into child-friendly concepts. |
| 650 ## - SUBJECT ADDED ENTRY--TOPICAL TERM | |
| Topical term or geographic name entry element | Science for Kids |
| Form subdivision | Nonfiction |
| General subdivision | Weather & Atmosphere |
| 942 ## - ADDED ENTRY ELEMENTS (KOHA) | |
| Source of classification or shelving scheme | Dewey Decimal Classification |
| Koha item type | Books |
| Suppress in OPAC | No |
| Withdrawn status | Lost status | Source of classification or shelving scheme | Damaged status | Not for loan | Collection | Home library | Current library | Shelving location | Date acquired | Total Checkouts | Full call number | Barcode | Date last seen | Copy number | Price effective from | Koha item type |
|---|---|---|---|---|---|---|---|---|---|---|---|---|---|---|---|---|
| Dewey Decimal Classification | Non-Fiction | Footprints International School Library Network Toul Kork Campus | Footprints International School Library Network Toul Kork Campus | TK Primary Library Room(4th Floor), Bookcase 7, Shelves 57-60, Dark Green Books | 07/15/2025 | JUL 551 PZ7 | 2025-1860 | 07/15/2025 | 1 | 07/15/2025 | Books |
